Detalles MARC
| 000 -LEADER |
| campo de control de longitud fija |
03329nam a2200349 a 4500 |
| 001 - NÚMERO DE CONTROL |
| campo de control |
49976 |
| 003 - IDENTIFICADOR DE NÚMERO DE CONTROL |
| campo de control |
AR-BaAGN |
| 005 - FECHA Y HORA DE LA ÚLTIMA TRANSACCIÓN |
| campo de control |
20231117134844.0 |
| 007 - CAMPO FIJO DE DESCRIPCIÓN FÍSICA--INFORMACIÓN GENERAL |
| campo de control de longitud fija |
ta |
| 008 - DATOS DE LONGITUD FIJA--INFORMACIÓN GENERAL |
| campo de control de longitud fija |
s2020 ag |||||r|||| ||| ||spa d |
| 020 ## - NÚMERO INTERNACIONAL ESTÁNDAR DEL LIBRO |
| Número Internacional Estándar del Libro |
978-987-3805-47-9 |
| 040 ## - FUENTE DE CATALOGACIÓN |
| Centro catalogador/agencia de origen |
AR-BaAGN |
| Lengua de catalogación |
español |
| Normas de descripción |
aacr |
| 942 ## - ELEMENTOS DE ENTRADA SECUNDARIOS (KOHA) |
| Tipo de ítem Koha |
Libro |
| Prefijo de la signatura |
AGN |
| Suprimir en OPAC |
No |
| 100 1# - ENTRADA PRINCIPAL--NOMBRE DE PERSONA |
| ID autoridades |
5383 |
| Nombre de persona |
Chitussi, Barbara |
| 240 10 - TÍTULO UNIFORME |
| Título uniforme |
Immagine e mito : un carteggio tra Benjamin e Adorno |
| Lenguaje de la obra |
Español |
| 245 10 - MENCIÓN DEL TÍTULO |
| Título |
Imagen y mito : |
| Resto del título |
un intercambio epistolar entre Benjamin y Adorno precedido por Filosofía del sueño / |
| Mención de responsabilidad, etc. |
Barbara Chitussi ; traducción de Mercedes Ruvituso y Constanza Serratore. |
| 250 ## - MENCION DE EDICION |
| Mención de edición |
1a ed. |
| 260 ## - PUBLICACIÓN, DISTRIBUCIÓN, ETC. |
| Lugar de publicación, distribución, etc. |
Ciudad Autónoma de Buenos Aires : |
| Nombre del editor, distribuidor, etc. |
Unipe Editorial Universitaria, |
| Fecha de publicación, distribución, etc. |
2020. |
| 300 ## - DESCRIPCIÓN FÍSICA |
| Extensión |
337 páginas ; |
| Dimensiones |
20 cm. |
| 336 ## - TIPO DE CONTENIDO |
| Fuente |
rdacontent |
| Código de tipo de contenido |
texto |
| 337 ## - TIPO DE MEDIO |
| Fuente |
rdamedia |
| Código del tipo de medio |
no mediado |
| 338 ## - TIPO DE SOPORTE |
| Fuente |
rdacarrier |
| Código del tipo de soporte |
volumen |
| 490 1# - MENCIÓN DE SERIE |
| Mención de serie |
Colección Pensamiento Contemporáneo |
| 520 3# - RESUMEN, ETC. |
| Sumario, etc. |
Los trabajos que reúne este volumen representan dos estadios de una misma investigación sobre la filosofía de Walter Benjamin llevada adelante por la filósofa italiana Barbara Chitussi. Las coordenadas son precisas: París y el siglo XIX como la época del mito y la locura. En el primero de ellos, Filosofía del sueño, Chitussi muestra cómo Benjamin logró adentrarse en el mundo onírico de los passages parisinos e interpretarlos sin ceder a la falacia de que los sueños son la contraparte de la verdad histórica. Para ello, la autora construye una constelación conceptual («expresión», «espera», «despertar», «apariencia» e «impronta») que sirve como puerta de entrada al pensamiento benjaminiano, a la vez que lo conecta con la agenda filosófica del presente, cargándolo de actualidad. Las ideas de Benjamin, siempre abiertas a las novedades perceptivas de la época (en su caso, el cine), parecen madurar página a página en el segundo trabajo, Imagen y mito. En 1937, precisamente, a la manera de un director cinematográfico, Benjamin repensaba el montaje final del Passagenwerk (conocido en castellano como Libro de los pasajes): el proyecto hecho enteramente de citas e interpretaciones en el que trabajó durante diez años y que todavía estaba inconcluso cuando murió, en 1940. La «ciudad onírica» comenzaba a perder protagonismo frente a su soñador más pertinaz, el poeta francés Charles Baudelaire. En ese marco, los temas del sueño y el despertar entran en una nueva y fuerte tensión. En el estudio que se despliega en Imagen y mito, estas reelaboraciones, pacientes y costosas, son comprendidas al calor de las discusiones entre Benjamin y Theodor Adorno, por lo que la intensa correspondencia que mantuvieron a lo largo de una década y media (más o menos cálida, siempre rigurosa) adquiere aquí el estatus de un auténtico trabajo filosófico. Es así que, gracias a la composición de Chitussi, las cartas entre estos dos viejos amigos aparecen como ramificaciones vivas de la obra-enredadera, el Passagenwerk. (Descripción del editor). |
| 600 14 - PUNTO DE ACCESO ADICIONAL DE MATERIA--NOMBRE DE PERSONA |
| ID autoridades |
5025 |
| Nombre de persona |
Benjamin, Walter, |
| Fechas asociadas al nombre |
1892-1940 |
| 600 14 - PUNTO DE ACCESO ADICIONAL DE MATERIA--NOMBRE DE PERSONA |
| Nombre de persona |
Adorno, Theodor W., |
| Fechas asociadas al nombre |
1903-1969 |
| ID autoridades |
5384 |
| 650 #4 - PUNTO DE ACCESO ADICIONAL DE MATERIA--TÉRMINO DE MATERIA |
| Término de materia o nombre geográfico como elemento de entrada |
FILOSOFÍA |
| ID autoridades |
1702 |
| 650 #4 - PUNTO DE ACCESO ADICIONAL DE MATERIA--TÉRMINO DE MATERIA |
| ID autoridades |
2072 |
| Término de materia o nombre geográfico como elemento de entrada |
CORRESPONDENCIA |
| 650 #4 - PUNTO DE ACCESO ADICIONAL DE MATERIA--TÉRMINO DE MATERIA |
| Término de materia o nombre geográfico como elemento de entrada |
PENSAMIENTO FILOSÓFICO |
| ID autoridades |
1895 |
| 700 1# - ENTRADA AGREGADA--NOMBRE PERSONAL |
| Nombre de persona |
Ruvituso, Mercedes |
| Término indicativo de función/relación |
traductor |
| ID autoridades |
5385 |
| 700 1# - ENTRADA AGREGADA--NOMBRE PERSONAL |
| ID autoridades |
5386 |
| Nombre de persona |
Serratore, Constanza |
| Término indicativo de función/relación |
traductor |